00656nam a2200133 a 4500008004100000050001900041100002000060245010500080260011100185350000900296995007800305999001700383952012200400120416s2000 ||||||||||||||||| || u aTHESIS/STUDENT aKazunga, Towera12aA comparative study of the enforcement of development control measures by city councils in Lusaka an aKitwebCopperbelt University, School of Built Environment, Department of Urban and Regional Planningc2000 a0.00 D0.00FCBU-MAIN LIBRARY (Kitwe)H1I0.00UAVAILABLEZUniversity Collection c38048d38048 00102lcc4070a001b001cUniversity Collectiond2022-11-30l0oTHESIS/STUDENTp9011541r2022-11-30w2022-11-30y002